Statistiques concernant Pays frontaliers de tailles proches

Cliquez ici pour prendre le quiz!

Statistiques générales

  • Ce quiz a été pris 121 fois
  • Le résultat moyen est 24 sur 34

Statistiques - réponses

Réponse% Correct
France
93%
Allemagne
91%
Espagne
91%
Pologne
90%
Autriche
84%
Hongrie
84%
Niger
83%
République Tchèque
83%
Tchad
83%
Soudan
80%
Colombie
78%
Mali
78%
Pérou
77%
Libye
74%
Lettonie
66%
Lituanie
65%
Somalie
64%
Kenya
63%
Soudan du Sud
63%
Croatie
62%
Guatemala
62%
Namibie
62%
Zambie
61%
Bosnie-Herzégovine
60%
Finlande
60%
Honduras
60%
Burundi
59%
Norvège
59%
République Centrafricaine
58%
Turkménistan
58%
Ouzbékistan
57%
Rwanda
57%
Albanie
51%
Macédoine du Nord
51%

Distribution des résultats

Percentile par nombre de réponses

% des personnes avec chaque résultat

Votre développement - résultats

Vous n’avez pas pris ce quiz